000 00527nam a2200181Ia 4500
003 GCL
008 140319s9999 xx 000 0 eng d
040 _aGCL /
_cGCL
082 0 4 _aCC
_b932.02
_bE P
100 1 _aETKHASHAB, ABD EL - MOHSEN
245 1 0 _aPTOLEMAIC AND ROMAN BATH S OF KOMEL AHMAR /
_cETKHASHAB, ABD EL - MOHSEN
260 _a[S.N] :
_bIMPRIMERIE DE L'INSTITUT FRANCAIS
650 0 4 _aEGYPT
650 0 4 _aANCIENT EGYPT
650 0 4 _aARCHAEOLOGY
650 0 4 _aPTOLEMAIC DYNASTY, 305-30 B.C.
942 _2ddc
_cBK
999 _c11868
_d11868